Devizové operace

Gespeichert in:
Bibliographische Detailangaben
1. Verfasser: Jiránek, Slavomír
Weitere Verfasser: Jirásek, Antonín, Václavík, Ferdinand
Format: Buch
Sprache:Tschechisch
Veröffentlicht: Praha Státní pedagogické nakladatelství 1967
Schriftenreihe:Učební texty vysokých škol
Tags: Tag hinzufügen
Keine Tags, Fügen Sie das erste Tag hinzu!

MARC

LEADER 00000nam a2200000 4500
001 c122560
005 20190425112816.0
041 0 |a cze 
044 |a CZ 
245 1 0 |a Devizové operace  |c Slavomír Jiránek, Antonín Jirásek, Ferdinand Václavík 
264 1 |a Praha  |b Státní pedagogické nakladatelství  |c 1967 
300 |a 124 s. 
490 1 |a Učební texty vysokých škol 
830 0 |a Učební texty vysokých škol 
100 1 |a Jiránek, Slavomír 
700 1 |a Jirásek, Antonín 
700 1 |a Václavík, Ferdinand